Teaching language as communication / (رقم التسجيلة. 3451)

تفاصيل مارك
000 -الفاتح
حقل البيانات ثابتة الطول 00798nam a2200265 i 4500
001 - رقم الضبط
رقم الضبط 3233456
003 - محدد رقم الضبط
رقم الضبط OSt
005 - وقت وتاريخ اخر تعامل مع التسجيلة
رقم الضبط 20150408113746.0
008 - عناصر البيانات ثابتة الطول - معلومات عامة
حقل البيانات ثابتة الطول 790731s1978 enka b 001 0 eng
010 ## - رقم ضبط مكتبة الكونجرس
رقم ضبط مكتبة الكونجرس 79310636
015 ## - رقم الببليوجرافية الوطنية
رقم الببليوجرافية الوطنية GB***
020 ## - الرقم الدولى المعيارى للكتب
الرقم الدولى المعيارى للكتاب 0194370771 :
شروط الاتاحة £3.50
040 ## - مصدر الفهرسة
وكالة الفهرسة الأصلية DLC
وكالة النسخ DLC
وكالة التعديل DLC
050 00 - رقم طلب مكتبة الكونجرس
رقم التصنيف 851
رقم المادة .W49
082 00 - رقم تصنيف ديوى العشرى
رقم التصنيف 407
100 1# - المدخل الرئيسى - إسم شخصى
الإسم الشخصى Widdowson, H. G.
9 (RLIN) 9719
245 10 - بيان العنوان
العنوان Teaching language as communication /
بيان المسئوليه,etc H. G. Widdowson.
260 ## - PUBLICATION, DISTRIBUTION, ETC. (IMPRINT)
مكان الناشر او الموزع Oxford :
اسم الناشر او الموزع Oxford University Press,
تاريخ النشر أو التوزيع 1978.
300 ## - الوصف المادى
التعداد xi, 168 p. :
تفاصيل ماديه اخرى للوعاء ill. ;
أبعاد الوعاء 22 cm.
504 ## - تبصرة ببليوجرافية
تبصرة ببليوجرافية,الخ Includes bibliographical references and index.
650 #0 - المدخل الاضافى بالموضوع-مصطلح موضوعى
مصطلح موضوعي أو اسم جغرافي كعنصر مدخل Language and languages
التقسيم الفرعي العام Study and teaching.
9 (RLIN) 9720
650 #0 - المدخل الاضافى بالموضوع-مصطلح موضوعى
مصطلح موضوعي أو اسم جغرافي كعنصر مدخل Discourse analysis.
906 ## - عنصر بيانات محلى F, LDF (RLIN)
a 7
b cbc
c orignew
d 4
e ncip
f 19
g y-gencatlg
942 ## - عناصر المدخل الإضافي( كوها)
مصدر التصنيف او مخطط الترفيف Dewey Decimal Classification
Koha [default] item type كتاب
المقتنيات
حالة الفقد نموذج السعر الفعال حالة تلف ليس للاعارة تاريخ الاكتساب الموقع الحالي الفرع الرئيسي Date last seen Total Checkouts رقم الطلب الباركود نوع المادة فى نظام كوها مصدر التصنيف او خطة الترفيف
  2013-03-10     2011-05-17 مكتبة كلية التربية بالزلفى - طالبات (EZF) المكتبة المركزية بالمجمعة (CL) 2013-03-10          
  2013-03-10     2012-02-29 مكتبة كلية التربية بالزلفى - طالبات (EZF) مكتبة كلية التربية بالزلفى - طالبات (EZF) 2013-03-10   851 W H T 00013260 كتاب Dewey Decimal Classification